|
|
|
|
| LEADER |
00664nab a2200193 i 4500 |
| 001 |
publ39413 |
| 005 |
20260220215410.0 |
| 008 |
260220s2026 hu o 000 hun d |
| 022 |
|
|
|a 0017-6036
|
| 024 |
7 |
|
|a 36966059
|2 mtmt
|
| 040 |
|
|
|a SZTE Publicatio Repozitórium
|b hun
|
| 041 |
|
|
|a hun
|
| 100 |
1 |
|
|a Bodó Diána
|
| 245 |
1 |
0 |
|a Hiperpigmentáció - hatóanyagok a pigmentfoltok halványítására
|h [elektronikus dokumentum] /
|c Bodó Diána
|
| 260 |
|
|
|c 2026
|
| 300 |
|
|
|a 76-82
|
| 490 |
0 |
|
|a GYÓGYSZERÉSZET
|v 70 No. 2
|
| 650 |
|
4 |
|a Általános orvostudomány
|
| 856 |
4 |
0 |
|u http://publicatio.bibl.u-szeged.hu/39413/1/gyogyszereszet-hiperpigmentacioBD.pdf
|z Dokumentum-elérés
|